Wurst oder Pokémon - Statistiken

Allgemein
  • Dieses Quiz wurde 138 mal gespielt
  • Das Durchschnittsergebnis liegt bei 28 aus 45
Antwortstatistiken
Frage Kachel Select % Korrekt
Wurst? (5 Richtige) Arceus Nein
92%
ein Pokémon? (5 Richtige) Landjäger Nein
92%
Wurst? (5 Richtige) Porygon Nein
89%
ein Pokémon? (5 Richtige) Chorizo Nein
87%
ein Pokémon? (5 Richtige) Cotechino Nein
86%
Wurst? (5 Richtige) Landjäger Ja
86%
ein Pokémon? (5 Richtige) Porygon Ja
86%
ein Pokémon? (5 Richtige) Sobrassada Nein
86%
Wurst? (5 Richtige) Zamora Nein
85%
ein Pokémon? (5 Richtige) Boudin Nein
80%
Wurst? (5 Richtige) Chorizo Ja
80%
Wurst? (5 Richtige) Mantine Nein
80%
ein Pokémon? (5 Richtige) Arceus Ja
78%
Wurst? (5 Richtige) Salandit Nein
78%
Wurst? (5 Richtige) Gubbio Nein
77%
Wurst? (5 Richtige) Zama Nein
76%
ein Pokémon? (5 Richtige) Zama Nein
75%
ein Pokémon? (5 Richtige) Samura Nein
74%
Wurst? (5 Richtige) Vesuvio Nein
72%
Wurst? (5 Richtige) Braixen Nein
71%
Wurst? (5 Richtige) Samora Nein
71%
ein Pokémon? (5 Richtige) Gubbio Nein
68%
ein Pokémon? (5 Richtige) Zamora Nein
68%
keins von beidem? (5 Richtige) Landjäger Nein
66%
ein Pokémon? (5 Richtige) Vesuvio Nein
64%
keins von beidem? (5 Richtige) Chorizo Nein
62%
keins von beidem? (5 Richtige) Porygon Nein
61%
keins von beidem? (5 Richtige) Arceus Nein
59%
Wurst? (5 Richtige) Sobrassada Ja
56%
Wurst? (5 Richtige) Cotechino Ja
55%
keins von beidem? (5 Richtige) Sobrassada Nein
52%
keins von beidem? (5 Richtige) Salandit Nein
49%
keins von beidem? (5 Richtige) Cotechino Nein
48%
ein Pokémon? (5 Richtige) Salandit Ja
40%
keins von beidem? (5 Richtige) Braixen Nein
39%
keins von beidem? (5 Richtige) Mantine Nein
39%
keins von beidem? (5 Richtige) Zama Ja
36%
keins von beidem? (5 Richtige) Boudin Nein
35%
keins von beidem? (5 Richtige) Zamora Ja
35%
Wurst? (5 Richtige) Boudin Ja
29%
ein Pokémon? (5 Richtige) Mantine Ja
29%
keins von beidem? (5 Richtige) Vesuvio Ja
23%
keins von beidem? (5 Richtige) Samura Ja
22%
keins von beidem? (5 Richtige) Gubbio Ja
21%
ein Pokémon? (5 Richtige) Braixen Ja
20%
Keine übereinstimmenden Quizze gefunden
Verteilung der Resultate
Anzahl Personen mit jedem Resultat
Perzentil nach korrekt beantworteten Fragen
Ihre Resultats-Entwicklung
Sie haben dieses Quiz noch nicht gespielt